| 000 | 00936nam a22001697a 4500 | ||
|---|---|---|---|
| 005 | 20120215124057.0 | ||
| 020 |
_a9788181468826 _c85.00 |
||
| 082 | _aक | ||
| 245 |
_aचाँद पर खरगोश / _cहर्षा नागराजु द्वारा अनुदित;विधु पुरकायस्था द्वारा अनुदित |
||
| 260 |
_aचैन्नई _bतूलिका पब्लिशिंग _c2010 |
||
| 270 |
_a13, पृथ्वी ऐवन्यु,अभिरमपुरम _bचैन्नई _e600018 |
||
| 300 |
_aअ.पृ _bसचित्र _c20सेमी (अजिल्द) |
||
| 700 |
_aहर्षा नागराजु _942026 |
||
| 700 |
_aविधु पुरकायस्था _942095 |
||
| 942 |
_2ddc _cCH _hक _mचाँदप |
||
| 999 |
_c62852 _d62852 |
||